000 01646nam a22002177a 4500
005 20220118110543.0
008 220113b ||||| |||| 00| 0 eng d
020 _a9780099448822
040 _cAL
041 _aeng
082 _223
_a895.635
_bMURN
100 _aHaruki Murakami
_913067
245 _aNorwegian wood
260 _aLondon
_bVintage Books
_c2003
300 _a389p
_bPB
_c19.5x13cm.
365 _a4477
_b₹467.22
_c
_d₹599.00
_e22%
_f18-12-2021
520 _aSuch is the exquisite, gossamer construction of Murakami's writing that everything he chooses to describe trembles with symbolic possibility' GuardianRead the haunting love story that turned Murakami into a literary superstar.When he hears her favourite eatles song, Toru Watanabe recalls his first love Naoko, the girlfriend of his best friend Kizuki. Immediately he is transported back almost twenty years to his student days in Tokyo, adrift in a world of uneasy friendships, casual sex, passion, loss and desire - to a time when an impetuous young woman called Midori marches into his life and he has to choose between the future and the last.'Evocative, entertaining, sexy and funny; but then Murakami is one of the best writers around' Time Out Poignant, romantic and hopeless, it beautifully encapsulates the heartbreak and loss of faith' Sunday TimesThis book is undeniably hip, full of student uprisings, free love, booze and 1960s pop, it's also genuinely emotionally engaging, and describes the highs of adolescence as well as the lows' Independent on Sunday
650 _aOther Literature
_913108
700 _aRubin, Jay Tr.
_913513
942 _2ddc
_cBK
999 _c221175
_d221175